000
00317nam a22001457a 4500
008
210310b ||||| |||| 00| 0 eng d
020
_a
9781457611131
041
_a
eng
080
_2
11th
_a
070
082
_2
11th
_a
070
100
_a
40
101
_a
MED
245
_a
Writing that Works
_c
Oli,E.W
942
_2
udc
_c
BK
999
_c
56272
_d
56272